| 000 | 00946nam a2200229Ia 4500 | ||
|---|---|---|---|
| 001 | 14939 | ||
| 003 | GE_BSU | ||
| 008 | 181216s||||||||xx |||||||||||||| ||und|| | ||
| 040 | _cGE_BSU | ||
| 080 | _a514(075.8) | ||
| 100 | _aБазылев, В.Т. Дуничев,К.И. | ||
| 245 | _aГеометрия. ч.2 | ||
| 245 | _bПроективное пространство и методы изображении. Элементы топологии. Линии и поверхности в евклидовом пространстве | ||
| 260 | _aМосква | ||
| 260 | _bПросвещение. | ||
| 260 | _c1975 | ||
| 300 | _a366стр.22см. | ||
| 653 | _aГеометрия. | ||
| 653 | _aПроективное пространство и методы изображении. | ||
| 653 | _aЭлементы топологии. Линии и поверхности в евклидовом пространстве | ||
| 942 | _cBK | ||
| 999 |
_c48059 _d48059 |
||